Mots récurrents espagnol (B) - Statistiques

Statistiques générales
  • Ce quiz a été pris 50 fois
    30 depuis la dernière actualisation
  • Le résultat moyen est 6 sur 20
Statistiques - réponses
Hint Réponse % Correct
Baisse La baja
100%
Bloquer Bloquear
89%
Baisser Bajar
80%
But (objectif) La meta / el objetivo / el fin / el propósito
67%
Bureau (lieu de travail) La oficina
57%
But (sport) El gol
56%
La Bourse (finance) La Bolsa
56%
Banque (agence) El banco
50%
Un billet (argent) El billete
50%
Bâtiment (immeuble) El edificio
50%
Budget El presupuesto
50%
Banque (secteur) La banca
50%
Bénéfice El beneficio
43%
Bureau (la pièce) El despacho
43%
Barrière (général) La barrera
33%
La blessure La herida
33%
Un billet (spectacle) La entrada
29%
Un blocus El bloqueo
25%
Le bilan El balance
20%
Boursier (étudiant) Becario
17%
La bourse (études) La beca
17%
Tirer des bénéfices Sacar beneficios
17%
Un Bénévole Voluntario
17%
Boursier (finance) Bursátil
14%
Balance La balanza
14%
Bénéficier de Beneficiarse de
13%
Bureau de tabac El estanco
13%
Bureau (meuble) El escritorio
11%
Blesser Herir
11%
Bord (au bord de) A orillas de
0%
Brûlant (sujet) Candente
0%
Bagages El equipaje
0%
Un billet (avion) El pasaje
0%
Bouleversement El trastorno / la conmoción
0%
Bâtiment (secteur) La construcción
0%
Bureau de poste La oficina de correos
0%
Barrière (palissade) La valla
0%
Budgétaire Presupuestario
0%
Bouleverser Trastornar / Conmocionar
0%
Aucun quiz correspondant
Distribution des résultats
% des personnes avec chaque résultat
Percentile par nombre de réponses
Votre historique - résultats
Vous n’avez pas pris ce quiz depuis la dernière actualisation